Statistiques concernant Films avec Jane Birkin par image

Cliquez ici pour prendre le quiz!

Statistiques générales

  • Ce quiz a été pris 22 fois
  • Le résultat moyen est 4 sur 16

Statistiques - réponses

Réponse% Correct
La Piscine
85%
Blow-up
50%
La Course à l'échalote
45%
Je t'aime moi non plus
40%
La Belle Noiseuse
35%
La Pirate
30%
Kung-Fu Master
25%
Circulez y'a rien à voir
15%
Daddy nostalgie
15%
Mort sur le Nil
15%
Comment réussir quand on est con et pleurnichard
10%
36 vues du pic Saint-Loup
5%
On connaît la chanson
5%
Sérieux comme le plaisir
5%
L'Amour par terre
0%
Soigne ta droite
0%

Distribution des résultats

Percentile par nombre de réponses

% des personnes avec chaque résultat

Votre développement - résultats

Vous n’avez pas pris ce quiz